Transformers for the electric power industry

It begins with a study of magnetism and magnetic induction, single-phase isolation transformers, current transformers, and autotransformers. A unit on three-phase power covers basic connections and calculations before proceeding into transformers. In addition, numerous experiments reinforce theory w...

Volledige beschrijving

Bewaard in:
Bibliografische gegevens
Formaat: Boek
Taal:Undetermined
Gepubliceerd in: New York McGraw-Hill 1959
Onderwerpen:
Tags: Voeg label toe
Geen labels, Wees de eerste die dit record labelt!
Thư viện lưu trữ: Trung tâm Học liệu Trường Đại học Cần Thơ
LEADER 00978nam a2200181Ia 4500
001 CTU_186772
008 210402s9999 xx 000 0 und d
082 |a 621.3143 
082 |b T772 
245 0 |a Transformers for the electric power industry 
245 0 |c Richard L. Bean, ... [et al..] 
260 |a New York 
260 |b McGraw-Hill 
260 |c 1959 
520 |a It begins with a study of magnetism and magnetic induction, single-phase isolation transformers, current transformers, and autotransformers. A unit on three-phase power covers basic connections and calculations before proceeding into transformers. In addition, numerous experiments reinforce theory with hands-on application. A unique combination of transformers and motors makes this book an excellent resource for electrical students and practitioners alike. 
650 |a Electric transformers,Biến thế điện 
904 |i Trúc 
980 |a Trung tâm Học liệu Trường Đại học Cần Thơ